| 000 | 00476pab a2200169 454500 | ||
|---|---|---|---|
| 008 | 180718b2008 xxu||||| |||| 00| 0 eng d | ||
| 100 | _aMisra, Hrudanand | ||
| 245 | _aSkill and education in income determination: a case study of unorganised workers of Alang | ||
| 260 | _c2008 | ||
| 300 | _ap.949-55. | ||
| 362 | _aOct-Dec | ||
| 650 | _aSkilled workers | ||
| 650 | _aIncome distribution | ||
| 773 | _aIndian Journal of Labour Economics | ||
| 908 | _aN | ||
| 909 | _a80938 | ||
| 999 |
_c80938 _d80938 |
||